000 01054nam a22001697a 4500
003 SGT
020 _a9789325963085
082 _a332.6,PAN
100 _aPANDIAN,PUNITHAVATHY
245 _aSECURITY ANALYSIS AND PORTFOLIO MANAGEMENT
250 _a2ND
260 _aNEW DELHI
_bVIKAS
_c2013
300 _a557
650 _aFINANCIAL ECONOMICS
653 _a1. INTRODUCTION TO INVESTMENT AND SECURITIES 2. INVESTMENT ALTERNATIVES 3. NEW ISSUE MARKET 4. SECONDARY MARKET 5. STOCK MARKET INDICES 6. SECURITIES AND EXCHANGE BOARD OF INDIA (LTD) 7. RISK 8. BOND RETURN AND VALUATION 9. STOCK RETURN AND VALUATION 10. FUNDAMENTAL ANALYSIS: ECONOMIC AND INDUSTRY ANALYSIS 11. FUNDAMENTAL ANALYSIS: COMPANY ANALYSIS 12. TECHNICAL ANALYSIS 13. INDICATORS AND OSCILLATORS 14. EFFICIENT MARKET THEORY 15. OPTIONS AND FUTURES 16. FUTURES 17. PORTFOLIO CONSTRUCTION 18. PORTFOLIO MARKOWITZ MODEL 19. SHARPE INDEX MODEL 20. CAPM AND ARBITRAGE PRICING THEORY 21. PORTFOLIO EVALUATION 22. PORTFOLIO REVISION 23. INTERNATIONAL PORTFOLIO INVESTMENT
942 _2ddc
_cFCM
_06
999 _c9064
_d9064